<?xml version="1.0" encoding="UTF-8"?>
<record
    xmlns:xsi="http://www.w3.org/2001/XMLSchema-instance"
    xsi:schemaLocation="http://www.loc.gov/MARC21/slim http://www.loc.gov/standards/marcxml/schema/MARC21slim.xsd"
    xmlns="http://www.loc.gov/MARC21/slim">

  <leader>00951nam a22001337a 4500</leader>
  <datafield tag="040" ind1=" " ind2=" ">
    <subfield code="c">RUA</subfield>
  </datafield>
  <datafield tag="082" ind1=" " ind2=" ">
    <subfield code="a">RUB SAM 2021 B643 Or.</subfield>
  </datafield>
  <datafield tag="100" ind1=" " ind2=" ">
    <subfield code="a">SAM TROP &#x179F;&#x17B6;&#x17C6; &#x1791;&#x17D2;&#x179A;&#x1796;&#x17D2;&#x1799;</subfield>
  </datafield>
  <datafield tag="245" ind1=" " ind2=" ">
    <subfield code="a">PHYSICAL PROPERTIES OF RIBBED SMOKED SHEET PROCESSED OF LATEX CLONE GT1, PB217,RRIM600 WITH "ALUMIN UM POTASSIUM SULFATE DODECAHYDRATE"  KA1(SO4)2.12H20 AND "ALUMINUM SULFATE" A12(SO4)3.12H20. &#x179B;&#x1780;&#x17D2;&#x1781;&#x178E;&#x17C7;&#x179A;&#x17BC;&#x1794;&#x179A;&#x1794;&#x179F;&#x17CB;&#x1780;&#x17C5;&#x179F;&#x17CA;&#x17BC;&#x179F;&#x1793;&#x17D2;&#x179B;&#x17B9;&#x1780;&#x1780;&#x17C2;&#x1785;&#x17D2;&#x1793;&#x17C3;&#x1785;&#x17C1;&#x1789;&#x1796;&#x17B8;&#x1791;&#x17B9;&#x1780;&#x1787;&#x17D0;&#x179A;&#x1793;&#x17C3;&#x1780;&#x17D2;&#x179B;&#x17BC;&#x1793; GT1, PB217, RRIM600 &#x1794;&#x1784;&#x17D2;&#x1780;&#x1780;&#x178A;&#x17C4;&#x1799; "&#x17A2;&#x17B6;&#x179B;&#x17BB;&#x1799;&#x1798;&#x17B8;&#x1789;&#x17C9;&#x17BC;&#x1798;&#x1794;&#x17C9;&#x17BC;&#x178F;&#x17B6;&#x179F;&#x17D2;&#x1799;&#x17BC;&#x1798;&#x179F;&#x17CA;&#x17BB;&#x179B;&#x1795;&#x17B6;&#x178F;&#x178A;&#x17BC;&#x178A;&#x17C1;&#x1780;&#x17B6;&#x17A2;&#x17CA;&#x17B8;&#x178A;&#x17D2;&#x179A;&#x17B6;&#x178F;&#x17C1;" KA1(SO4)2.12H20 &#x1793;&#x17B7;&#x1784;"&#x179F;&#x17B6;&#x178A;&#x17BC;&#x179F;&#x17C1;" A12(SO4)3.12H20</subfield>
  </datafield>
  <datafield tag="260" ind1=" " ind2=" ">
    <subfield code="a">Phnom Penh</subfield>
    <subfield code="b">RUA</subfield>
    <subfield code="c">2021</subfield>
  </datafield>
  <datafield tag="300" ind1=" " ind2=" ">
    <subfield code="a">XIV.58P</subfield>
    <subfield code="b">X.</subfield>
    <subfield code="c">29CM</subfield>
  </datafield>
  <datafield tag="856" ind1=" " ind2=" ">
    <subfield code="u">https://drive.google.com/file/d/1L6c1bHEVPSY6paFaHz0fgEVl7fyc9ufa/view?usp=sharing</subfield>
  </datafield>
  <datafield tag="942" ind1=" " ind2=" ">
    <subfield code="c">RUB</subfield>
  </datafield>
  <datafield tag="999" ind1=" " ind2=" ">
    <subfield code="c">22671</subfield>
    <subfield code="d">22671</subfield>
  </datafield>
  <datafield tag="952" ind1=" " ind2=" ">
    <subfield code="0">0</subfield>
    <subfield code="1">0</subfield>
    <subfield code="4">0</subfield>
    <subfield code="6">RUB_SAM_2021_000000000000000_B643_OR</subfield>
    <subfield code="7">0</subfield>
    <subfield code="9">97414</subfield>
    <subfield code="a">LBB</subfield>
    <subfield code="b">LBB</subfield>
    <subfield code="c">B643</subfield>
    <subfield code="d">2024-03-25</subfield>
    <subfield code="o">RUB SAM 2021 B643 Or.</subfield>
    <subfield code="p">a078468</subfield>
    <subfield code="r">2024-03-25</subfield>
    <subfield code="y">AGR</subfield>
  </datafield>
  <datafield tag="952" ind1=" " ind2=" ">
    <subfield code="0">0</subfield>
    <subfield code="1">0</subfield>
    <subfield code="4">0</subfield>
    <subfield code="6">RUB_SAM_2021_000000000000000_B643_OR</subfield>
    <subfield code="7">0</subfield>
    <subfield code="9">97415</subfield>
    <subfield code="a">LBB</subfield>
    <subfield code="b">LBB</subfield>
    <subfield code="c">B643</subfield>
    <subfield code="d">2024-03-25</subfield>
    <subfield code="o">RUB SAM 2021 B643 Or.</subfield>
    <subfield code="p">a078490</subfield>
    <subfield code="r">2024-03-25</subfield>
    <subfield code="y">AGR</subfield>
  </datafield>
  <datafield tag="952" ind1=" " ind2=" ">
    <subfield code="0">0</subfield>
    <subfield code="1">0</subfield>
    <subfield code="4">0</subfield>
    <subfield code="6">RUB_SAM_2021_000000000000000_B643_OR</subfield>
    <subfield code="7">0</subfield>
    <subfield code="9">97416</subfield>
    <subfield code="a">LBB</subfield>
    <subfield code="b">LBB</subfield>
    <subfield code="c">B643</subfield>
    <subfield code="d">2024-03-25</subfield>
    <subfield code="o">RUB SAM 2021 B643 Or.</subfield>
    <subfield code="p">a077989</subfield>
    <subfield code="r">2024-03-25</subfield>
    <subfield code="y">AGR</subfield>
  </datafield>
  <datafield tag="952" ind1=" " ind2=" ">
    <subfield code="0">0</subfield>
    <subfield code="1">0</subfield>
    <subfield code="4">0</subfield>
    <subfield code="6">RUB_SAM_2021_000000000000000_B643_OR</subfield>
    <subfield code="7">0</subfield>
    <subfield code="9">97417</subfield>
    <subfield code="a">LBB</subfield>
    <subfield code="b">LBB</subfield>
    <subfield code="c">B643</subfield>
    <subfield code="d">2024-03-25</subfield>
    <subfield code="o">RUB SAM 2021 B643 Or.</subfield>
    <subfield code="p">a077929</subfield>
    <subfield code="r">2024-03-25</subfield>
    <subfield code="y">AGR</subfield>
  </datafield>
</record>
